[Event "ISL-ch"]
[Site "Reykjavik"]
[Date "2004.04.03"]
[Round "2.1"]
[White "Vidarsson, Jon Gardar"]
[Black "Gretarsson, Helgi Ass"]
[Result "0-1"]
[WhiteElo "2333"]
[BlackElo "2504"]
[PlyCount "130"]
[EventDate "2004.04.01"]
[EventType "k.o."]
[EventRounds "4"]
[EventCountry "ISL"]
[SourceTitle "CBM 099 Extra"]
[Source "ChessBase"]
[SourceDate "2004.05.04"]
[SourceVersion "1"]
[SourceVersionDate "2004.05.04"]
[SourceQuality "1"]

1. e4 d6 2. d4 Nf6 3. Nc3 g6 4. g3 Bg7 5. Bg2 0-0 6. Nge2 e5 7. h3 c6 8. 0-0 b5 9. Be3 exd4 10. Bxd4 b4 11. Na4 Re8 12. f3 c5 13. Bf2 a5 14. e5 dxe5 15. Qxd8 Rxd8 16. f4 e4 17. Nxc5 Na6 18. Nxe4 Nxe4 19. Bxe4 Bxh3 20. Rfd1 Rxd1+ 21. Rxd1 Re8 22. Bd3 Nc7 23. Bd4 Bg4 24. Bxg7 Kxg7 25. Kf2 Ne6 26. Re1 Rd8 27. Nc1 Rd5 28. Re4 Kf6 29. Rc4 Nc5 30. Ke3 Be6 31. b3 Rh5 32. Rd4 Rh1 33. Ne2 Ra1 34. Bc4 Rxa2 35. Bxe6 Nxe6 36. Rc4 h5 37. Nc1 Ra1 38. Nd3 Ng7 39. Rc6+ Ke7 40. Ra6 Nf5+ 41. Kf2 Rd1 42. Rxa5 Rd2+ 43. Ke1 Rxc2 44. Nxb4 Rb2 45. Ra7+ Kf6 46. Nd3 Rxb3 47. Ne5 Rxg3 48. Rxf7+ Ke6 49. Rf8 Rg2 50. Re8+ Kf6 51. Kf1 Ne3+ 52. Ke1 Nc2+ 53. Kf1 Ne3+ 54. Ke1 Ng4 55. Rf8+ Kg7 56. Rf7+ Kg8 57. Re7 Nxe5 58. Rxe5 Kf7 59. Ra5 Kf6 60. f5 g5 61. Kf1 Rg3 62. Kf2 h4 63. Rb5 Ra3 64. Kg2 Re3 65. Ra5 Re5 0-1

[Event "Vlissingen HZ op 07th"]
[Site "Vlissingen"]
[Date "2003.08.08"]
[Round "8"]
[White "Vidarsson, Jon Gardar"]
[Black "Naalden, Marc"]
[Result "1-0"]
[WhiteElo "2351"]
[BlackElo "2094"]
[PlyCount "79"]
[EventDate "2003.08.02"]
[EventType "swiss"]
[EventRounds "9"]
[EventCountry "NED"]
[SourceTitle "CBM 095 Extra"]
[Source "ChessBase"]
[SourceDate "2003.09.04"]
[SourceVersion "1"]
[SourceVersionDate "2003.09.04"]
[SourceQuality "1"]

1. e4 d5 2. e5 Bf5 3. Nf3 e6 4. g3 c5 5. Nh4 Be4 6. f3 g5 7. Bb5+ Nc6 8. Ng2 Bg6 9. Bxc6+ bxc6 10. d3 h5 11. f4 h4 12. fxg5 hxg3 13. h4 Bh5 14. Qd2 Bf3 15. 0-0 Bxg2 16. Qxg2 Ne7 17. Qxg3 Nf5 18. Rxf5 exf5 19. Nd2 Qa5 20. Nf3 Qa4 21. b3 Qg4 22. Kg2 a5 23. Bb2 Bg7 24. Ba3 Rxh4 25. Nxh4 Qxg3+ 26. Kxg3 Bxe5+ 27. Kf3 Bxa1 28. Bxc5 a4 29. b4 Bc3 30. Nxf5 Rb8 31. Nd6+ Kd7 32. Nxf7 Ke6 33. g6 Kf6 34. d4 Kxg6 35. Ne5+ Kf5 36. Nxc6 Rh8 37. b5 Ke6 38. Ke2 Rh3 39. b6 Rh7 40. b7 1-0

[Event "Vlissingen HZ op 07th"]
[Site "Vlissingen"]
[Date "2003.08.04"]
[Round "4"]
[White "Vidarsson, Jon Gardar"]
[Black "Michiels, Rob"]
[Result "0-1"]
[WhiteElo "2351"]
[BlackElo "2117"]
[PlyCount "48"]
[EventDate "2003.08.02"]
[EventType "swiss"]
[EventRounds "9"]
[EventCountry "NED"]
[SourceTitle "CBM 095 Extra"]
[Source "ChessBase"]
[SourceDate "2003.09.04"]
[SourceVersion "1"]
[SourceVersionDate "2003.09.04"]
[SourceQuality "1"]

1. e4 e5 2. Bc4 Nf6 3. Qe2 Nc6 4. c3 Bc5 5. d3 h6 6. Nf3 0-0 7. b4 Bd6 8. g4 Nxg4 9. Rg1 h5 10. h3 Nf6 11. Bh6 Ne8 12. Ng5 Qf6 13. Qxh5 gxh6 14. Nxf7+ Kh7 15. Nd2 Ng7 16. Qf3 Be7 17. 0-0-0 d6 18. Rg2 Ne6 19. Qf5+ Qxf5 20. exf5 Nf4 21. Rg6 Nxg6 22. fxg6+ Kxg6 23. Rg1+ Kh7 24. Bd5 Bf5 0-1

[Event "ISL-ch"]
[Site "Seltjarnarnes"]
[Date "2002.08.28"]
[Round "9"]
[White "Vidarsson, Jon Gardar"]
[Black "Thorarinsson, Pall A"]
[Result "1-0"]
[WhiteElo "2378"]
[BlackElo "2281"]
[PlyCount "72"]
[EventDate "2002.08.20"]
[EventType "tourn"]
[EventRounds "11"]
[EventCountry "ISL"]
[EventCategory "5"]
[SourceTitle "CBM 089 Extra"]
[Source "ChessBase"]
[SourceDate "2002.09.10"]
[SourceVersion "2"]
[SourceVersionDate "2002.09.10"]
[SourceQuality "1"]

1. e4 e6 2. d4 d5 3. e5 c5 4. c3 Qb6 5. Nf3 Bd7 6. Be2 cxd4 7. cxd4 Bb5 8. 0-0 Bxe2 9. Qxe2 Ne7 10. Nc3 Nec6 11. Be3 Nd7 12. Rad1 Be7 13. Ne1 0-0 14. Nd3 Bb4 15. Qg4 Ne7 16. Bg5 Bxc3 17. Bxe7 Bxd4 18. Bxf8 Rxf8 19. Qe2 Qa6 20. Rd2 Bb6 21. b3 Qa3 22. Kh1 Nc5 23. Nxc5 Qxc5 24. Rc2 Qd4 25. g3 f6 26. exf6 Qxf6 27. Kg2 e5 28. f3 d4 29. Qe4 Qd6 30. Qxb7 d3 31. Qc6 Qxc6 32. Rxc6 Rd8 33. Rd1 Kf7 34. Rc3 d2 35. Kf1 e4 36. fxe4 Rd4 1-0

[Event "Vlissingen HZ op 06th"]
[Site "Vlissingen"]
[Date "2002.08.11"]
[Round "9"]
[White "Leenhouts, Koen"]
[Black "Vidarsson, Jon Gardar"]
[Result "1-0"]
[WhiteElo "2222"]
[BlackElo "2378"]
[PlyCount "105"]
[EventDate "2002.08.04"]
[EventType "swiss"]
[EventRounds "9"]
[EventCountry "NED"]
[SourceTitle "CBM 089 Extra"]
[Source "ChessBase"]
[SourceDate "2002.09.10"]
[SourceVersion "2"]
[SourceVersionDate "2002.09.10"]
[SourceQuality "1"]

1. e4 c5 2. Nf3 e6 3. d4 cxd4 4. Nxd4 Qb6 5. c3 Nc6 6. Be3 Nxd4 7. cxd4 Qxb2 8. Nd2 Bb4 9. Rc1 Nf6 10. Bd3 d5 11. e5 Nd7 12. Rc2 Qa3 13. Qe2 0-0 14. 0-0 f5 15. exf6 Nxf6 16. Nf3 Bd7 17. Ne5 Be8 18. Bc1 Qa4 19. Qe3 Bd6 20. Qh3 Bd7 21. Re2 Rae8 22. Rfe1 Bb5 23. Bc2 Qxd4 24. Bb2 Qb6 25. Ng4 Ne4 26. Rxe4 dxe4 27. Bxe4 Rf5 28. Bxg7 Bc5 29. Qc3 Bxf2+ 30. Kh1 e5 31. Nh6+ Kxg7 32. Nxf5+ Kh8 33. Rb1 Bd4 34. Qh3 Qc7 35. Nd6 Re7 36. Nxb5 Qc4 37. Nd6 Qxa2 38. Qc8+ Qg8 39. Qxg8+ Kxg8 40. Rxb7 Rxb7 41. Nxb7 h6 42. Nd6 Ba1 43. Nf5 Kh7 44. Ne7+ Kg7 45. Nc6 Bd4 46. Nxd4 exd4 47. Kg1 a5 48. Bc2 Kf6 49. Kf2 Ke5 50. Ke2 h5 51. Kd3 Kd5 52. Bb3+ Kc5 53. h4 1-0

[Event "Lost Boys op"]
[Site "Amsterdam"]
[Date "2002.07.29"]
[Round "4"]
[White "Vidarsson, Jon Gardar"]
[Black "Van der Wiel, John"]
[Result "1/2-1/2"]
[WhiteElo "2378"]
[BlackElo "2506"]
[PlyCount "36"]
[EventDate "2002.07.26"]
[EventType "swiss"]
[EventRounds "9"]
[EventCountry "NED"]
[SourceTitle "CBM 089 Extra"]
[Source "ChessBase"]
[SourceDate "2002.09.10"]
[SourceVersion "2"]
[SourceVersionDate "2002.09.10"]
[SourceQuality "1"]

1. e4 c5 2. Nf3 d6 3. Bc4 Nf6 4. d3 e6 5. 0-0 Be7 6. Bb3 b5 7. c3 Bb7 8. Re1 Nbd7 9. Nbd2 Ne5 10. Qe2 a6 11. Bc2 Qc7 12. Nf1 0-0 13. Ng5 h6 14. Nh3 Ng6 15. Ng3 Rfe8 16. Nf4 Nxf4 17. Bxf4 Rac8 18. Rad1 Qc6 1/2-1/2

[Event "Lost Boys op"]
[Site "Amsterdam"]
[Date "2002.07.26"]
[Round "1"]
[White "Vidarsson, Jon Gardar"]
[Black "Hopman, Pieter"]
[Result "1-0"]
[WhiteElo "2378"]
[BlackElo "2225"]
[PlyCount "53"]
[EventDate "2002.07.26"]
[EventType "swiss"]
[EventRounds "9"]
[EventCountry "NED"]
[SourceTitle "CBM 089 Extra"]
[Source "ChessBase"]
[SourceDate "2002.09.10"]
[SourceVersion "2"]
[SourceVersionDate "2002.09.10"]
[SourceQuality "1"]

1. e4 d6 2. d4 Nf6 3. Nc3 g6 4. f3 c6 5. Be3 b5 6. Qd2 Nbd7 7. g4 Nb6 8. g5 Nfd7 9. h4 h5 10. gxh6 Nf6 11. Bd3 d5 12. a4 b4 13. Nd1 dxe4 14. fxe4 Ng4 15. h5 Nxe3 16. hxg6 fxg6 17. Qxe3 a5 18. Nf3 Ba6 19. e5 Qc8 20. Bxg6+ Kd7 21. e6+ Kc7 22. Qe5+ Kb7 23. Qxh8 Qxe6+ 24. Ne5 Rd8 25. Rh4 c5 26. Be4+ Kc7 27. Nc6 1-0

[Event "ISL-ch"]
[Site "Strandgotu"]
[Date "2001.09.07"]
[Round "8"]
[White "Vidarsson, Jon Gardar"]
[Black "Stefansson, Hannes"]
[Result "1/2-1/2"]
[WhiteElo "2359"]
[BlackElo "2586"]
[PlyCount "60"]
[EventDate "2001.08.31"]
[EventType "tourn"]
[EventRounds "9"]
[EventCountry "ISL"]
[EventCategory "5"]
[SourceTitle "EXT 2002"]
[Source "ChessBase"]
[SourceDate "2001.11.25"]
[SourceVersion "1"]
[SourceVersionDate "2001.11.25"]
[SourceQuality "1"]

1. e4 c5 2. Nf3 e6 3. d3 Nc6 4. g3 g6 5. Bg2 Bg7 6. 0-0 Nge7 7. Nc3 d5 8. Bd2 0-0 9. Qc1 d4 10. Ne2 e5 11. Bh6 f6 12. Ne1 Be6 13. Bxg7 Kxg7 14. f4 c4 15. fxe5 Nxe5 16. Nf3 N7c6 17. Nf4 Bf7 18. Nd5 Bxd5 19. exd5 Qxd5 20. Nxe5 Qxe5 21. dxc4 Qc5 22. b3 d3+ 23. Kh1 Rad8 24. cxd3 Rxd3 25. Qf4 Rd4 26. Qf2 b6 27. Rae1 Ne5 28. Re4 Rxe4 29. Bxe4 f5 30. Bd5 Qxf2 1/2-1/2

[Event "ISL-ch"]
[Site "Strandgotu"]
[Date "2001.09.02"]
[Round "3"]
[White "Vidarsson, Jon Gardar"]
[Black "Kristjansson, Stefan"]
[Result "1/2-1/2"]
[WhiteElo "2359"]
[BlackElo "2380"]
[PlyCount "42"]
[EventDate "2001.08.31"]
[EventType "tourn"]
[EventRounds "9"]
[EventCountry "ISL"]
[EventCategory "5"]
[SourceTitle "EXT 2002"]
[Source "ChessBase"]
[SourceDate "2001.11.25"]
[SourceVersion "1"]
[SourceVersionDate "2001.11.25"]
[SourceQuality "1"]

1. e4 e6 2. d4 d5 3. e5 c5 4. f4 Nc6 5. Nf3 Qb6 6. Bd3 Bd7 7. 0-0 Nge7 8. Kh1 cxd4 9. a3 a5 10. b3 Nf5 11. Bxf5 exf5 12. Bb2 Bc5 13. a4 0-0 14. Na3 Bxa3 15. Rxa3 Rfc8 16. Bxd4 Qa6 17. Ra1 b5 18. axb5 Qxb5 19. Be3 Be6 20. Ra4 Qa6 21. Rf2 Rab8 1/2-1/2

[Event "ISL-chT 0001"]
[Site "Reykjavik"]
[Date "2001.??.??"]
[Round "?"]
[White "Bjornsson, Sigurbjorn"]
[Black "Vidarsson, Jon Gardar"]
[Result "1/2-1/2"]
[WhiteElo "2284"]
[BlackElo "2359"]
[PlyCount "114"]
[EventDate "2000.11.17"]
[EventType "team"]
[EventRounds "7"]
[EventCountry "ISL"]
[SourceTitle "EXT 2002"]
[Source "ChessBase"]
[SourceDate "2001.11.25"]
[SourceVersion "1"]
[SourceVersionDate "2001.11.25"]
[SourceQuality "1"]

1. e4 c5 2. Nf3 e6 3. Nc3 a6 4. Be2 b5 5. d4 Bb7 6. dxc5 Bxc5 7. 0-0 d6 8. a4 b4 9. Na2 Bxe4 10. Ng5 Nf6 11. Nxe4 Nxe4 12. Bf3 d5 13. Bxe4 dxe4 14. Qg4 0-0 15. Qxe4 Qd5 16. Qxd5 exd5 17. Bd2 Nc6 18. Nc1 Nd4 19. Nd3 Rfc8 20. Rae1 Nxc2 21. Re5 Bf8 22. Rd1 d4 23. b3 a5 24. Rd5 g6 25. Kf1 h5 26. Rc1 Bg7 27. g3 Kh7 28. h3 Bh6 29. Bxh6 Kxh6 30. Nc5 d3 31. Nxd3 Rc3 32. Ke2 Rac8 33. Kd2 Kg7 34. Rc5 Rxd3+ 35. Kxd3 Rxc5 36. Rxc2 Rxc2 37. Kxc2 Kf6 38. Kd3 Ke5 39. Kc4 Ke4 40. Kb5 Kd3 41. Kxa5 Kc3 42. Kb6 Kxb3 43. a5 Kc2 44. a6 b3 45. a7 b2 46. a8Q b1Q+ 47. Kc7 Qb3 48. Kd8 Kd2 49. Ke7 Ke2 50. Qg2 Qe6+ 51. Kf8 f6 52. Kg7 Qf5 53. g4 hxg4 54. hxg4 Qf3 55. Qxf3+ Kxf3 56. Kxf6 Kxg4 57. Kxg6 Kf4 1/2-1/2

[Event "ISL-chT 0001"]
[Site "Reykjavik"]
[Date "2000.11.17"]
[Round "1"]
[White "Vidarsson, Jon Gardar"]
[Black "Olafsson, Helgi"]
[Result "1/2-1/2"]
[WhiteElo "2369"]
[BlackElo "2478"]
[PlyCount "59"]
[EventDate "2000.11.17"]
[EventType "team"]
[EventRounds "7"]
[EventCountry "ISL"]
[SourceTitle "CBM 079 Extra"]
[Source "ChessBase"]
[SourceDate "2001.01.11"]
[SourceVersion "2"]
[SourceVersionDate "2001.01.25"]
[SourceQuality "1"]

1. e4 c5 2. Nf3 d6 3. Bb5+ Nc6 4. 0-0 Bd7 5. Re1 Nf6 6. c3 a6 7. Ba4 c4 8. d4 cxd3 9. Qxd3 g6 10. c4 Bg7 11. Nc3 0-0 12. Be3 Rc8 13. Bxc6 Bxc6 14. Rac1 Qa5 15. a3 b5 16. Nd5 Qd8 17. cxb5 Bxb5 18. Rxc8 Bxd3 19. Rxd8 Rxd8 20. Nxe7+ Kf8 21. Nc6 Rc8 22. Nb4 Bxe4 23. Nxa6 Nd5 24. Bd4 Bxd4 25. Nxd4 Bd3 26. Nb4 Nxb4 27. axb4 Rc4 28. Nb5 Rxb4 29. Nxd6 Rxb2 30. h3 1/2-1/2

[Event "ISL-ch"]
[Site "Kopavogur"]
[Date "2000.08.25"]
[Round "2.1"]
[White "Gunnarsson, Arnar"]
[Black "Vidarsson, Jon Gardar"]
[Result "1/2-1/2"]
[WhiteElo "2253"]
[BlackElo "2369"]
[PlyCount "150"]
[EventDate "2000.08.05"]
[EventType "k.o."]
[EventRounds "4"]
[EventCountry "ISL"]
[SourceTitle "EXT 2001"]
[Source "ChessBase"]
[SourceDate "2000.11.22"]
[SourceVersion "1"]
[SourceVersionDate "2000.11.22"]
[SourceQuality "1"]

1. e4 c5 2. c3 Nf6 3. Bc4 Qc7 4. Qe2 Nc6 5. Nf3 a6 6. 0-0 d6 7. h3 b5 8. Bb3 e5 9. Rd1 Be7 10. d3 0-0 11. Nbd2 Be6 12. Nf1 Bxb3 13. axb3 h6 14. Nh4 Na5 15. Nd2 Bd8 16. Nf5 Kh8 17. Qf3 Ng8 18. Ne3 Nf6 19. Nc2 Qc8 20. b4 Nb7 21. Nf1 a5 22. bxa5 Nxa5 23. Be3 Nb3 24. Ra2 Ra7 25. Ra3 Rxa3 26. Nxa3 Qc6 27. Ng3 Ng8 28. Nf5 Kh7 29. c4 g6 30. cxb5 Qd7 31. Ng3 Be7 32. Rf1 Qe6 33. Qd1 Rb8 34. Qc2 Nf6 35. Ne2 g5 36. Ng3 Ne8 37. h4 f6 38. Nf5 Bf8 39. Qc4 Nc7 40. hxg5 hxg5 41. g3 Kg6 42. Kg2 Qxc4 43. dxc4 d5 44. cxd5 Nxd5 45. f4 exf4 46. gxf4 Nxf4+ 47. Bxf4 gxf4 48. Rxf4 Nd2 49. Rg4+ Kf7 50. Ne3 Re8 51. Nac4 Rxe4 52. Rxe4 Nxe4 53. b6 Bd6 54. Kf3 Ng5+ 55. Kg4 Ke6 56. b7 Bb8 57. Na5 Nf7 58. Kf3 f5 59. Nb3 Ne5+ 60. Ke2 Nd7 61. Kf3 Bc7 62. Nc4 f4 63. Ke4 Nf6+ 64. Kf3 Kd5 65. Na3 Kc6 66. Nc1 Nh7 67. Nd3 Ng5+ 68. Kg4 Ne6 69. b4 cxb4 70. Nxb4+ Kxb7 71. Nc4 Nd4 72. Nd5 f3 73. Nxc7 Kxc7 74. Kh4 Kc6 75. Kg3 Kd5 1/2-1/2

[Event "ISL-chT"]
[Site "Reykjavik"]
[Date "2000.03.24"]
[Round "?"]
[White "Vidarsson, Jon Gardar"]
[Black "Thorhallsson, Throstur"]
[Result "1/2-1/2"]
[WhiteElo "2357"]
[BlackElo "2489"]
[PlyCount "38"]
[EventDate "2000.03.24"]
[EventType "team"]
[EventRounds "9"]
[EventCountry "ISL"]
[SourceTitle "EXT 2001"]
[Source "ChessBase"]
[SourceDate "2000.11.22"]
[SourceVersion "1"]
[SourceVersionDate "2000.11.22"]
[SourceQuality "1"]

1. e4 e6 2. d4 d5 3. Nc3 Nf6 4. e5 Nfd7 5. f4 c5 6. Nf3 Qb6 7. Be3 a6 8. Na4 Qa5+ 9. c3 cxd4 10. b4 Qc7 11. Bxd4 Nc6 12. a3 Be7 13. Bd3 b5 14. Nb2 Nxd4 15. cxd4 Nb6 16. 0-0 Nc4 17. Qc2 Qb6 18. Rfe1 g6 19. Bf1 Nxb2 1/2-1/2